| 000 | 00550nam a2200181Ia 4500 | ||
|---|---|---|---|
| 999 |
_c5872 _d5872 |
||
| 003 | OSt | ||
| 005 | 20200114115532.0 | ||
| 008 | 190216s9999||||xx |||||||||||||| ||und|| | ||
| 020 | _a085226917X | ||
| 040 | _coclc | ||
| 082 |
_a658.072 _bSHE/O |
||
| 100 | 1 |
_aShenoy, G. V. _91177 |
|
| 245 | 0 |
_aOperations Research For Management / _cG V Shenoy ; U K Srivastava ; S C Sharma |
|
| 260 |
_bNew Age International Publishers, _c1997. _aNew Delhi : |
||
| 300 | _a398p | ||
| 650 | _aOperation Research | ||
| 942 |
_cBK _2ddc _h658.072 _k658.072 |
||